000 00298nam a22001337a 4500
008 170424b xxu||||| |||| 00| 0 eng d
020 _a0936712767
041 _aeng
080 _a543
100 _a12
101 _aSHM
245 _aQUANTITATIVVE ULTRAMICROANALYSIS
_cKIRK, P.L
942 _2udc
_cBK
999 _c11732
_d11732